vufinder Bibliothèque Municipale de Charleval de Provence
Se connecter

Lions en hiver (Les)

Book Cover
Auteur principal: Stefania Auci
D'autres auteurs: Renaud Temperini
Support: Livres
Langue: Francais
Series: La saga des Florio
Genre: Roman (gros caractères)
Collection:
Sujets:
Étiquettes: Ajouter
Pas de Tags !

LEADER 00905nam0a2200217 450
001 16847635
010 |a 978-2-37083-397-6  |b br.  |d 26,7 € 
100 |a 20230421d2023 u u0frey01 ba 
101 1 |a fre  |c ita 
102 |a FR 
200 0 |a Lions en hiver (Les)  |f Stefania Auci  |g traduit de l'italien par Renaud Temperini 
207 1 |a   
215 |a 1 vol. (568 p.)  |d 24 x 15 cm 
225 1 |v 03 
330 |a Durant la première moitié du XXe siècle, le malheur frappe durement la famille Florio. Les enfants meurent, le couple formé par Franca et Ignazio bat de l'aile et la colère ouvrière menace d'apporter la ruine. 
461 0 |t La saga des Florio  |v 03 
700 0 |a Auci  |b Stefania  |4 70 
702 0 |a Temperini  |b Renaud  |4 730 
900 |a Roman (gros caractères) 
901 |a Accessible au prêt 
995 |a Bibliothèque  |c Bibliothèque  |f 00156010429207  |h 00156010429207  |k R AUC 3  |o p  |q a  |r az  |e Bibliothèque 

Options de recherche

Historique de recherche
Recherche avancée

Trouver plus

Nouveautés

Besoin d'aide ?

Contacter un bibliothécaire